000 00541nam a22001577a 4500
003 NUST
082 _a629.8
100 _aARSHAD ,MUHAMMAD MUNEEB
_9122478
245 _aStain Normalization of Hematology Slides /
_cMUHAMMAD MUNEEB ARSHAD
264 _aIslamabad:
_bSMME- NUST.
_c2021.
300 _a60p. ;
_bSoft Copy,
_c30cm.
650 _aMS Robotics and Intelligent Machine Engineering
_9119486
700 _aSupervisor : DR HASAN SAJID
_9121640
856 _uhttp://10.250.8.41:8080/xmlui/handle/123456789/28570
942 _2ddc
_cTHE
999 _c608958
_d608958